00350nam a2200145Ia 4500008004100000020001800041041000800059082001800067100001500085245003100100260003300131300000800164365001700172700001500189230718s9999 xx 000 0 und d a9780787951627 aeng a378.1796bBLI aBligh D.A. aWhat's The Use Of Lectures c2000bJossey-Bass Publishers a346 cRs.b2212.00 aBligh D.A.